| 000 | 01075nam a2200217Ia 4500 | ||
|---|---|---|---|
| 999 |
_c40077 _d40077 |
||
| 001 | 6683 | ||
| 003 | GE_BSU | ||
| 005 | 20190627200230.0 | ||
| 008 | 181216s1973|||| |||||||||||||| ||geo|| | ||
| 041 | _ageo | ||
| 080 | _a621.43.01(075.8) მ-44 | ||
| 100 |
_aმახალდიანი, ვ. _93001 |
||
| 245 |
_aტრაქტორები და ავტომობილები: საავტოტრაქტორო ძრავების თეორია და გაანგარიშება : სახელმძღვ. / _cვ. მახალდიანი ; რედ : პ. ლაბარტყავა. |
||
| 250 | _aმეორე გადამუშ. გამოც. | ||
| 264 |
_aთბილისი : _bგანათლება, _c1973. |
||
| 300 |
_a354 გვ .: _c22 სმ. |
||
| 653 | _aტრაქტორები და ავტომობილები | ||
| 653 | _aტექნიკა | ||
| 700 |
_aლაბარტყავა, პ _eრედაქტორი _9523 |
||
| 942 |
_cBK _2udc |
||